[Event "EU-ch U12 30th"]
[Site "Antalya"]
[Date "2022.11.11"]
[Round "6"]
[White "Karaca, Yigit"]
[Black "Tudor, Henry Edward"]
[Result "1-0"]
[WhiteElo "1843"]
[BlackElo "1943"]
[PlyCount "105"]
[EventDate "2022.11.06"]
[EventType "swiss"]
[EventRounds "9"]
[EventCountry "TUR"]
[SourceTitle "CBM 211 Extra"]
[Source "ChessBase"]
[SourceDate "2023.01.31"]
[SourceVersion "1"]
[SourceVersionDate "2023.01.31"]
[SourceQuality "1"]

1. e4 c5 2. Nf3 e6 3. b3 d6 4. Bb5+ Nd7 5. 0-0 e5 6. Re1 g6 7. c3 a6 8. Bf1 Bg7 9. d4 Ne7 10. dxe5 dxe5 11. Qd6 h6 12. a4 b6 13. Na3 Bb7 14. Nc4 Rc8 15. Ba3 Rc6 16. Qd2 Qc7 17. Rad1 Nc8 18. Qxd7+ Qxd7 19. Rxd7 Kxd7 20. Ncxe5+ Kc7 21. Nxc6 Kxc6 22. Bc4 Nd6 23. Bd5+ Kc7 24. Bxb7 Nxb7 25. b4 Bxc3 26. Rc1 Rd8 27. Kf1 Bd4 28. Nxd4 Rxd4 29. bxc5 Rxa4 30. cxb6+ Kxb6 31. Bf8 Rxe4 32. Bxh6 a5 33. Be3+ Kb5 34. Ke2 Rc4 35. Kd2 Nd6 36. Rb1+ Rb4 37. Kc2 Nf5 38. Rxb4+ axb4 39. Bg5 Kc4 40. Kb2 Kd3 41. g4 Nd4 42. h4 Ne6 43. Bf6 Nf4 44. Be5 Ke4 45. Bxf4 Kxf4 46. f3 f5 47. g5 Kg3 48. h5 gxh5 49. g6 h4 50. g7 h3 51. g8Q+ Kf2 52. Qh7 Kg2 53. Qxf5 1-0

[Event "EU-ch U12 30th"]
[Site "Antalya"]
[Date "2022.11.10"]
[Round "5"]
[White "Ahmad, Khagan"]
[Black "Karaca, Yigit"]
[Result "1/2-1/2"]
[WhiteElo "2135"]
[BlackElo "1843"]
[PlyCount "107"]
[EventDate "2022.11.06"]
[EventType "swiss"]
[EventRounds "9"]
[EventCountry "TUR"]
[SourceTitle "CBM 211 Extra"]
[Source "ChessBase"]
[SourceDate "2023.01.31"]
[SourceVersion "1"]
[SourceVersionDate "2023.01.31"]
[SourceQuality "1"]

1. e4 c5 2. Nf3 d6 3. d4 cxd4 4. Nxd4 Nf6 5. Nc3 g6 6. Be3 Bg7 7. f3 a6 8. Qd2 h5 9. 0-0-0 b5 10. Kb1 Bb7 11. e5 dxe5 12. Ne6 Qxd2 13. Nxg7+ Kf8 14. Ne6+ fxe6 15. Bxd2 Nbd7 16. Bd3 Kf7 17. Rhe1 Rhd8 18. Ne4 Nxe4 19. Bxe4 Bxe4 20. Rxe4 Nb6 21. Rxe5 Nc4 22. Re2 Rac8 23. Kc1 Rd5 24. Rde1 Rc6 25. b3 Nb6 26. Bb4 Rf5 27. Bd2 Nd5 28. Kb2 b4 29. h4 a5 30. Re5 Rxe5 31. Rxe5 Kf6 32. Re4 e5 33. g4 Nc3 34. Bxc3 Rxc3 35. gxh5 gxh5 36. f4 exf4 37. Rxf4+ Kg6 38. a3 e5 39. Rf8 Rh3 40. Ra8 Rxh4 41. Ra6+ Kf5 42. Rxa5 bxa3+ 43. Kxa3 Rd4 44. c4 Rd8 45. c5 h4 46. Kb4 h3 47. Ra1 Kg4 48. c6 h2 49. Kc5 Kg3 50. c7 Rh8 51. b4 h1Q 52. Rxh1 Rxh1 53. b5 Rc1+ 54. Kd6 1/2-1/2